Culture Générale - Série 1088 - Statistiques

Statistiques générales
  • Ce quiz a été pris 98 fois
  • Le résultat moyen est 4 sur 10
Statistiques - réponses
Question Réponse % Correct
Quelle chanson de Nino Ferrer commence par : "C'est un endroit qui ressemble à la Louisiane, à l'Italie" ? Le Sud
85%
De quel État des États-Unis, le plus vaste du pays, la ville de Juneau est-elle la capitale ? Alaska
72%
Quel guide spirituel l'acteur britannique Ben Kingsley a-t-il incarné dans un film sorti en 1983 ? Gandhi
55%
Dans la série télévisée “Friends”, quel personnage est amoureux de Rachel depuis le lycée ? Ross
55%
Quel homme politique a été le président de la Tunisie de 1957 à 1987 ? Habib Bourguiba
34%
Les yeux de quelle grande actrice américaine Kim Carnes chante-t-elle en 1981 ? Bette Davis
26%
Quel anthropologue a écrit dans "Tristes Tropiques" : "Le monde a commencé sans l'homme, et il s'achèvera sans lui." ? Claude Lévi-Strauss
25%
Quel coureur cycliste a remporté cinq Tours de France consécutifs de 1991 à 1995 ? Miguel Indurain
24%
Comment appelle-t-on les boutons de fleur comestibles, dont le nom latin de la plante est Capparis spinosa ? câpres
20%
Quel écrivain russe est l'auteur des pièces de théâtre “La Mouette” et “La Cerisaie” ? Anton Tchekhov
19%
Aucun quiz correspondant
Distribution des résultats
% des personnes avec chaque résultat
Percentile par nombre de réponses
Votre historique - résultats
Vous n’avez pas pris ce quiz